[Event "Hannover-ch U16"]
[Site "Lehrte"]
[Date "2014.10.25"]
[Round "2"]
[White "Weiss, Alexander"]
[Black "Hattendorf, Mathis"]
[Result "1/2-1/2"]
[WhiteElo "910"]
[BlackElo "995"]
[PlyCount "28"]
[EventDate "2014.10.25"]
[EventType "swiss"]
[EventRounds "7"]
[EventCountry "GER"]
[SourceTitle "EXT 2021"]
[Source "ChessBase"]
[SourceDate "2020.10.23"]
[SourceVersion "1"]
[SourceVersionDate "2020.10.23"]
[SourceQuality "1"]

1. e4 e5 2. Nf3 Nc6 3. Bc4 Nf6 4. d3 h6 5. Nc3 Bc5 6. Nd5 Na5 7. Nxe5 d6 8. Nf3 Nxc4 9. dxc4 0-0 10. Be3 Nxe4 11. Nd2 c6 12. Nxe4 cxd5 13. Nxc5 dxc5 14. 0-0 d4 1/2-1/2

[Event "Hannover-ch U14"]
[Site "Lehrte"]
[Date "2013.10.17"]
[Round "2"]
[White "Blumenthal, Dave"]
[Black "Weiss, Alexander"]
[Result "0-1"]
[WhiteElo "841"]
[BlackElo "687"]
[PlyCount "76"]
[EventDate "2013.10.17"]
[EventType "swiss"]
[EventRounds "7"]
[EventCountry "GER"]
[SourceTitle "EXT 2021"]
[Source "ChessBase"]
[SourceDate "2020.10.23"]
[SourceVersion "1"]
[SourceVersionDate "2020.10.23"]
[SourceQuality "1"]

1. c4 c5 2. Nc3 Nf6 3. e4 e5 4. Nf3 d6 5. g3 Be6 6. d3 Nc6 7. Bg2 h6 8. 0-0 Bg4 9. h3 Be6 10. Be3 Nd4 11. Rc1 Nxf3+ 12. Qxf3 Be7 13. Qd1 Qd7 14. Qb3 b6 15. f4 Bxh3 16. Qb5 Bxg2 17. Kxg2 Ng4 18. Qxd7+ Kxd7 19. Rf3 Bf6 20. Nd5 Rhg8 21. Rb1 Rab8 22. b4 g5 23. Nxf6+ Nxf6 24. fxe5 dxe5 25. Rxf6 Ke7 26. Rxh6 Rg6 27. Rh7 Rd8 28. Rd1 cxb4 29. c5 Ke6 30. cxb6 axb6 31. Bxb6 Rc8 32. d4 Rc2+ 33. Kh3 Rxa2 34. d5+ Ke7 35. Bc5+ Ke8 36. Rh8+ Kd7 37. Bxb4 g4+ 38. Kh4 Rh2# 0-1

[Event "Hannover-ch U12"]
[Site "Lehrte"]
[Date "2011.10.17"]
[Round "9"]
[White "Bruncke, Leon"]
[Black "Weiss, Alexander"]
[Result "1-0"]
[WhiteElo "830"]
[BlackElo "691"]
[PlyCount "75"]
[EventDate "2011.10.15"]
[EventType "swiss"]
[EventRounds "11"]
[EventCountry "GER"]
[SourceTitle "EXT 2021"]
[Source "ChessBase"]
[SourceDate "2020.10.23"]
[SourceVersion "1"]
[SourceVersionDate "2020.10.23"]
[SourceQuality "1"]

1. e4 e5 2. Nf3 Nc6 3. Bc4 Bc5 4. d3 Nf6 5. Ng5 0-0 6. Nc3 d6 7. 0-0 h6 8. Nf3 Nd4 9. Nxd4 exd4 10. Nd5 Nxd5 11. Bxd5 Be6 12. Bxb7 Rb8 13. Bc6 Rb6 14. Ba4 Bd7 15. Bxd7 Qxd7 16. b3 d5 17. e5 Re6 18. Re1 Rfe8 19. Bf4 g5 20. Bg3 f6 21. Qf3 fxe5 22. Qf5 Qf7 23. Qg4 e4 24. Re2 exd3 25. Rxe6 Rxe6 26. cxd3 Qe7 27. Qd1 Bb4 28. f3 Bc3 29. Rc1 Rd6 30. Bxd6 Qe3+ 31. Kf1 cxd6 32. a4 a5 33. h3 Bd2 34. Rb1 Bb4 35. Rc1 Bd2 36. Rc2 Bc3 37. Qe2 Qxe2+ 38. Rxe2 1-0

[Event "Hannover-ch U12"]
[Site "Lehrte"]
[Date "2010.10.09"]
[Round "3"]
[White "Weiss, Alexander"]
[Black "Kiesel, Lucas"]
[Result "0-1"]
[WhiteElo "756"]
[BlackElo "795"]
[PlyCount "64"]
[EventDate "2010.10.09"]
[EventType "swiss"]
[EventRounds "11"]
[EventCountry "GER"]
[SourceTitle "EXT 2021"]
[Source "ChessBase"]
[SourceDate "2020.10.23"]
[SourceVersion "1"]
[SourceVersionDate "2020.10.23"]
[SourceQuality "1"]

1. e4 d6 2. f3 Nf6 3. d3 g6 4. Bg5 Bg7 5. Bxf6 Bxf6 6. Nc3 0-0 7. Nge2 e5 8. Nd5 Bg7 9. d4 c6 10. Ndc3 Nd7 11. dxe5 dxe5 12. Ng3 b5 13. Qd2 Bb7 14. 0-0-0 Nc5 15. Qxd8 Rfxd8 16. f4 exf4 17. Nge2 g5 18. g3 fxg3 19. Nxg3 a5 20. Bd3 b4 21. Nce2 Na4 22. b3 Nb2 23. Rde1 Nxd3+ 24. Kd1 Nxe1+ 25. Kxe1 c5 26. h4 f5 27. Nxf5 Bxe4 28. Rh2 Bxf5 29. hxg5 Bxc2 30. Nf4 Bf5 31. a4 Be5 32. Nh5 Bxh2 0-1